000 00671nam a2200205Ia 4500
001 19829
003 GE_BSU
008 181216s||||||||xx |||||||||||||| ||und||
040 _cGE_BSU
245 _aПсихологический журнал. Том 37, №6. Ноябрь-Декабрь 2016.
245 _cГл. ред.РАН А.Л.Журавлев и др.
260 _aМосква
260 _bНаука
260 _c2016
300 _a127 стр. 28см.
653 _aПериодика
653 _aПсихологический журнал. Том 37, №6. Ноябрь-Декабрь 2016.
653 _aპერიოდიკა
942 _cCR
999 _c52799
_d52799